| 000 | 00697nam a2200169 a 4500 | ||
|---|---|---|---|
| 008 | 120416s1986 ||||||||||||||||| || u | ||
| 020 | _a086531764x | ||
| 050 | _aTJ 163.2 Pat | ||
| 100 | _aPatrick, Alfred | ||
| 245 | 1 | 0 | _aEnergy resource assessment |
| 260 |
_aBoulder, [Colo.] _bWestview Press _c1986 |
||
| 300 | _axiii, 176p. : ill. | ||
| 350 | _a0.00 | ||
| 490 | _aEnergy Management Training Program monograph series | ||
| 490 | _vMonograph series (State University of New York at Stony Brook. Energy Management Training Program) | ||
| 995 |
_D0.00 _FCBU-MAIN LIBRARY (Kitwe) _H1 _I27.25 _M1 _UAVAILABLE _ZMain Library Open Access Collection |
||
| 999 |
_c41893 _d41893 |
||